Online
Catalog

De Cristobal Colón a Fidel Castro : (Record no. 38919)

MARC details
000 -CABECERA
campo de control de longitud fija 01909nam a2200229 a 4500
001 - NÚMERO DE CONTROL
campo de control 000039429
003 - IDENTIFICADOR DEL NÚMERO DE CONTROL
campo de control DO-SdBNP
005 - FECHA Y HORA DE LA ÚLTIMA TRANSACCIÓN
campo de control 20260321073643.0
008 - DATOS DE LONGITUD FIJA--INFORMACIÓN GENERAL
campo de control de longitud fija 110201s1981 dr 000 0 spa d
040 ## - FUENTE DE LA CATALOGACIÓN
Centro catalogador/agencia de origen DO-SdBNP
Lengua de catalogación spa
Centro/agencia transcriptor BNPHU
082 ## - NÚMERO DE LA CLASIFICACIÓN DECIMAL DEWEY
Número de clasificación 972.9
Número de documento/Ítem B742d, 1981
100 1# - ENTRADA PRINCIPAL--NOMBRE DE PERSONA
Nombre de persona Bosch, Juan,
Fechas asociadas al nombre 1909-2001
9 (RLIN) 76555
245 10 - MENCIÓN DE TÍTULO
Título De Cristobal Colón a Fidel Castro :
Resto del título el Caribe, frontera imperial /
Mención de responsabilidad, etc. Juan Bosch.
250 ## - MENCIÓN DE EDICIÓN
Mención de edición 3a. ed.
260 ## - PUBLICACIÓN, DISTRIBUCIÓN, ETC.
Lugar de publicación, distribución, etc. Santo Domingo :
Nombre del editor, distribuidor, etc. Alfa y Omega,
Fecha de publicación, distribución, etc. 1981.
300 ## - DESCRIPCIÓN FÍSICA
Extensión 738 p. ;
Dimensiones 21 cm.
500 ## - NOTA GENERAL
Nota general Incluye bibliografía e índice de personas y lugares.
505 0# - NOTA DE CONTENIDO CON FORMATO
Título Unas palabras del autor --
-- Una frontera de cinco siglos --
-- El escenario de la frontera --
-- Indios y españoles en los primeros años de la frontera imperial --
-- La conquista del Caribe entre 1508 y 1526 --
-- La conquista entre 1526-1584 --
-- Sublevaciones de indios, africanos y españoles en el siglo XVI --
-- Las guerras de España en el siglo XVI --
-- Contrabandistas, bucaneros y filibusteros --
-- El siglo de la desmembración --
-- El tiempo del espanto --
-- Intermedio europeo --
-- El Caribe hasta la Paz de Utrecht --
-- Las guerras en el Caribe hasta la Paz de París (1763) --
-- La revolución Norteamericana y sus resultados en el Caribe --
-- La revolución francesa y su proyección en el Caribe --
-- El tiempo de la libertad --
-- Nacimiento de la República de Haití --
-- En los umbrales de la gran conmoción --
-- La guerra social venezolana --
-- La independencia de los territorios españoles --
-- 1821-1851. Los años de reajuste --
-- Los años de los episodios increíbles (1855-1861) --
-- Las luchas por la independencia de Cuba (1868-1898) --
-- El siglo del imperio norteamericano --
-- Los años de las balas y de los dólares --
-- Fidel Castro o la nueva etapa histórica del Caribe.
651 ## - PUNTO DE ACCESO ADICIONAL DE MATERIA--NOMBRE GEOGRÁFICO
Nombre geográfico Caribe (región)
Subdivisión general Historia
9 (RLIN) 88723
910 ## - DATOS DE OPCIÓN DEL USUARIO (OCLC)
Datos de opción del usuario Validado. Control de calidad MMOLINA
942 ## - ELEMENTOS DE PUNTO DE ACCESO ADICIONAL (KOHA)
Fuente del sistema de clasificación o colocación Dewey Decimal Classification
Tipo de ítem Koha Libro
Holdings
Estado de retiro Estado de pérdida Restricciones de uso No para préstamo Código de colección Localización permanente Ubicación/localización actual Ubicación en estantería Fecha de adquisición Número de inventario Total de préstamos Signatura topográfica completa Código de barras Fecha visto por última vez Precio válido a partir de Tipo de ítem Koha
        Patrimonio Dominicano Patrimonio Dominicano Patrimonio Dominicano Depósito 26.06.2013 LF1   972.9 B742d, 1981 39429-10 25.06.2020 25.06.2020 Libro y Folleto Colección Patrimonio Dominicano

Powered by Koha